| 000 | 00467nam a2200205Ia 4500 | ||
|---|---|---|---|
| 008 | 210210b1926 xxu||||| |||| 00| 0 eng d | ||
| 041 | _aeng | ||
| 082 | _a822/237 | ||
| 100 | _aCARLYLE (Thomas) | ||
| 245 | _aHeroes ans hero-worship Vol II | ||
| 260 |
_aLondon _bMacmillan & Co. Ltd. _c1926 |
||
| 440 | _aII | ||
| 650 | _aVol | ||
| 650 | _aII | ||
| 650 | _ahero-worship | ||
| 650 | _aHeroes | ||
| 650 | _aans | ||
| 690 | _aEnglish Prose | ||
| 906 | _a012424 | ||
| 999 |
_c131225 _d131225 |
||